Guía para la promoción de los derechos humanos

में बचाया:
ग्रंथसूची विवरण
निगमित लेखक: Instituto Interamericano de Derechos Humanos
स्वरूप: मूलपाठ
प्रकाशित: San José: IIDH
टैग: टैग जोड़ें
कोई टैग नहीं, इस रिकॉर्ड को टैग करने वाले पहले व्यक्ति बनें!

MARC

LEADER 00000 a a2200000 04500
001 12086
003
040
090 |a 141900  
110 |a Instituto Interamericano de Derechos Humanos  
245 |a Guía para la promoción de los derechos humanos  
260 |a San José:   |b IIDH  
300 |a 18 p.  
999 |c 10335  |d 10335